| 000 | 01384nam a2200361 a 4500 | ||
|---|---|---|---|
| 001 | vtls000188695 | ||
| 003 | NLI | ||
| 005 | 20210602111623.0 | ||
| 008 | 101125s1990 nyua 001 0 eng | ||
| 020 | _a085496620X | ||
| 039 | 9 |
_y201011252241 _zVLOAD |
|
| 040 | 0 |
_aNLI _beng _cDatasoft 1 _eAACR2 |
|
| 041 | 1 | _aeng | |
| 044 | _anyu | ||
| 082 | 0 | 4 | _a338.180943 |
| 100 | 1 |
_aCorni, Gustavo, _d1952- _9362844 |
|
| 245 | 1 | 0 |
_aHitler and the peasants : _bagrarian policy of the Third Reich, 1930-1939 / _cGustavo Corni ; translated by David Kerr |
| 260 |
_aNew York : _bBerg, _c1990 |
||
| 300 |
_axviii, 303 p. : _bill. ; _c22 cm. |
||
| 504 | _aIncludes bibliographical references and index | ||
| 600 | 1 | 0 |
_aHitler, Adolf, _d1889-1945 _983228 |
| 650 | 0 |
_aPeasants _xGovernment policy _zGermany _xHistory _y20th century _9362845 |
|
| 650 | 0 |
_aAgriculture and state _zGermany _xHistory _y20th century _9362846 |
|
| 650 | 0 |
_aForced labor _zGermany _xHistory _y20th century _9362847 |
|
| 651 | 0 |
_aGermany _xPolitics and government _y1933-1945 _9194117 |
|
| 700 | 1 |
_aKerr, David, _4trl _9362848 |
|
| 887 | _a | ||
| 901 |
_a516229 _b08.01.1992 |
||
| 902 | _aE 338.180943 C 813 | ||
| 942 |
_2ddc _cBKS |
||
| 949 |
_AVIRTUAITEM _D10000 _X100 _6PUR000516229ENG |
||
| 999 |
_aVIRTUA40 _c192565 _d192565 |
||
| 999 | _aVTLSSORT0080*0200*0400*0410*0440*0820*1000*2450*2600*3000*5040*6000*6500*6501*6502*6510*7000*9010*9020*9490*9991 | ||